- Martínez Assad, Carlos R.,
Entry Nombre Personal
001 - NUMERO DE CONTROL
- campo de control: 29150
003 - IDENTIFICADOR DE NUMERO DE CONTROL
- campo de control: DLC
005 - FECHA Y HORA DE LA ÜLTIMA TRANSACCIÓN
- campo de control: 20230512140821.0
008 - DATOS DE LONGITUD FIJA
- campo de control de longitud fija: 230512n| azannaabn |a aaa
010 ## - NÚMERO DE CONTROL DE LA BIBLIOTECA DEL CONGRESO
- Número de control LC: n 79150303
035 ## - NUMERO DE CONTROL
- Número de control: (OCoLC)oca00381344
040 ## - FUENTE DE CATALOGACIÓN
- Agencia original de catalogación: DLC
- Lenguaje de catalogación: spa
- Description conventions: rda
- Agencia de transcripción: DLC
- Agencia que lo modifica: DLC
- Agencia que lo modifica: NjP
- Agencia que lo modifica: OCoLC
- Agencia que lo modifica: CoU
- Agencia que lo modifica: OCoLC
- Agencia que lo modifica: MX-SlUA
- Agencia que lo modifica: UPB
- Agencia que lo modifica: MX-MxUPN
046 ## - FECHAS CON CODIFICACIÓN ESPECIAL
- Fecha de nacimiento: 1946
- Fuente del formato de fecha: edtf
053 #0 - NÚMERO DE CLASIFICACIÓN LC
- Número de clasificación elemento-número único o número inicial de tramo: PQ7298.23.A7179
100 1# - ENCABEZAMIENTO - NOMBRE PERSONAL
- Nombre personal: Martínez Assad, Carlos R.,
- Fechas asociadas con el nombre: 1946-
370 ## - LUGAR ASOCIADO
- Place of birth: Jalisco (México)
- Fuente del término: naf
373 ## - GRUPO ASOCIADO
- Associated group: Universidad Nacional Autónoma de México. Instituto de Investigaciones Sociales
- Fuente del término: naf
374 ## - OCUPACIÓN
- Occupation: Investigador
375 ## - GÉNERO
- Gender: masculino
377 ## - LENGUA ASOCIADA
- Language code: spa
378 ## - FORMA COMPLETA DE NOMBRE PERSONAL
- Fuller form of personal name: Carlos Roberto
400 1# - VEÁSE - NOMBRE DE PERSONA
- Personal name: Assad, Carlos R. Martínez
400 1# - VEÁSE - NOMBRE DE PERSONA
- Personal name: Martínez Assad, Carlos
400 1# - VEÁSE - NOMBRE DE PERSONA
- Personal name: Assad, Carlos Martínez
400 1# - VEÁSE - NOMBRE DE PERSONA
- Personal name: Martínez Assad, Carlos Roberto
400 1# - VEÁSE - NOMBRE DE PERSONA
- Personal name: Assad, Carlos Roberto Martínez
670 ## - FUENTE EN LA QUE SE LOCALIZARON DATOS
- Cita de la fuente: En su obra: Laboratorio de la Revolución, 1979:
- Información localizada: portada (Carlos Martínez Assad)
670 ## - FUENTE EN LA QUE SE LOCALIZARON DATOS
- Cita de la fuente: Nos queda la esperanza, 1991:
- Información localizada: portada (Carlos Martínez Assad) cubierta página 4 (n. 1946 in Jalisco; researcher, Inst. de Investigaciones Sociales, UNAM) reverso de la portada (Carlos Roberto Martínez Assad)
670 ## - FUENTE EN LA QUE SE LOCALIZARON DATOS
- Cita de la fuente: Tabasco: historia breve, 2010:
- Información localizada: portada (Carlos Martínez Assad)
902 ## - CATALOGADOR
- Catalogador: NDAF/120523
